| 000 | 00660nam a2200253Ia 4500 | ||
|---|---|---|---|
| 001 | 18281 | ||
| 003 | GE_BSU | ||
| 008 | 181216s||||||||xx |||||||||||||| ||und|| | ||
| 020 | _a9788484433583 | ||
| 040 | _cGE_BSU | ||
| 080 | _a811.133.1 | ||
| 100 | _aGodard, Emmanuel;Liria, Philippe;Sigé, Jean-Paul;Mistichelli, Marion | ||
| 245 | _aLes clés du nouveau DELF B1 | ||
| 245 | _bGuide du professeur | ||
| 260 | _aParis | ||
| 260 | _bMaison les Langues | ||
| 260 | _c2015 | ||
| 300 | _a55p.30cm. | ||
| 300 | _e+1CD | ||
| 541 | _h53 Gel. 60T. | ||
| 653 | _aLes clés du nouveau DELF B1 | ||
| 653 | _aფრანგული ენა | ||
| 942 | _cBK | ||
| 999 |
_c51312 _d51312 |
||